000 00620nam a2200181 a 4500
008 060316s1990 ||||||||||||||||| || u
020 _a0434915165
050 _aTK 9956 Pri
100 _aPritchard, Joe
245 1 0 _aNewnes amateur radio computing handbook
260 _aOxford
_bHeinemann Newnes
_c1990
300 _aix, 363 p. : ill.
350 _a0.00
500 _aIncludes bibliographical references
650 _aTEXTBOOKS
650 _aMICROCOMPUTERS
995 _D0.00
_FCBU-MAIN LIBRARY (Kitwe)
_H1
_I14.95
_UAVAILABLE
_ZAnnex Low-Usage Collection
999 _c52222
_d52222